ARRUPE JESUIT UNIVERSITY

CORONAVIRUS -STOP THE SPREAD - CLEAN,DISINFECT,COVER

In camera; secret justice in Rhodesia. (Record no. 120319)

MARC details
000 -LEADER
fixed length control field 00947cam a2200313 4500
001 - CONTROL NUMBER
control field 1736353
003 - CONTROL NUMBER IDENTIFIER
control field ARRUPE
005 - DATE AND TIME OF LATEST TRANSACTION
control field 20140327164544.0
008 - FIXED-LENGTH DATA ELEMENTS--GENERAL INFORMATION
fixed length control field 740225s1973 enkac 000 0 eng
010 ## - LIBRARY OF CONGRESS CONTROL NUMBER
LC control number 74155919
015 ## - NATIONAL BIBLIOGRAPHY NUMBER
National bibliography number GB***
020 ## - INTERNATIONAL STANDARD BOOK NUMBER
International Standard Book Number 0297766767
040 ## - CATALOGING SOURCE
Original cataloging agency DLC
Transcribing agency DLC
Modifying agency DLC
043 ## - GEOGRAPHIC AREA CODE
Geographic area code f-rh---
050 00 - LIBRARY OF CONGRESS CALL NUMBER
Classification number KTZ3.7.N54
Item number N5 1973
082 00 - DEWEY DECIMAL CLASSIFICATION NUMBER
Classification number 365/.6/0924
-- B
300 ## - PHYSICAL DESCRIPTION
Other physical details illus., ports.
Dimensions 22 cm.
100 1# - MAIN ENTRY--PERSONAL NAME
Personal name Niesewand, Peter.
9 (RLIN) 9579
245 10 - TITLE STATEMENT
Title In camera; secret justice in Rhodesia.
260 ## - PUBLICATION, DISTRIBUTION, ETC. (IMPRINT)
Place of publication, distribution, etc London,
Name of publisher, distributor, etc Weidenfeld & Nicolson
Date of publication, distribution, etc [1973]
300 ## - PHYSICAL DESCRIPTION
Extent 209 p.
350 ## - PRICE (NR) (BK AM CF MU VM SE) [OBSOLETE]
Price £2.50
600 10 - SUBJECT ADDED ENTRY--PERSONAL NAME
Personal name Niesewand, Peter
General subdivision Trials, litigation, etc.
9 (RLIN) 9580
650 #0 - SUBJECT ADDED ENTRY--TOPICAL TERM
Topical term or geographic name as entry element Political crimes and offenses
Geographic subdivision Zimbabwe.
9 (RLIN) 9581
650 #0 - SUBJECT ADDED ENTRY--TOPICAL TERM
Topical term or geographic name as entry element Official secrets
Geographic subdivision Zimbabwe.
9 (RLIN) 9582
650 #0 - SUBJECT ADDED ENTRY--TOPICAL TERM
Topical term or geographic name as entry element Justice, Administration of
Geographic subdivision Zimbabwe.
9 (RLIN) 9583
906 ## - LOCAL DATA ELEMENT F, LDF (RLIN)
a 7
b cbc
c orignew
d 3
e ncip
f 19
g y-gencatlg
942 ## - ADDED ENTRY ELEMENTS (KOHA)
Source of classification or shelving scheme Library of Congress Classification
Koha item type REFERENCE
Holdings
Withdrawn status Lost status Source of classification or shelving scheme Damaged status Not for loan Collection code Home library Current library Shelving location Date acquired Total Checkouts Full call number Barcode Date last seen Price effective from Koha item type
    Library of Congress Classification     SPECIAL Collection ARRUPE LIBRARY ARRUPE LIBRARY Main Collection 27/03/2014   SPC KTZ3.7.N54 N5 1973 46500001804 27/03/2014 27/03/2014 REFERENCE

 

Arrupe Library. PO Box MP320 Mt Pleasant, Harare, Zimbabwe
263 242 745411|librarian@aju.ac.zw